<?xml version="1.0" encoding="UTF-8"?>
<collection xmlns="http://www.loc.gov/MARC21/slim">
 <record>
  <leader>05990cam a2201129 c 4500</leader>
  <controlfield tag="001">336801343</controlfield>
  <controlfield tag="003">DE-627</controlfield>
  <controlfield tag="005">20260206200930.0</controlfield>
  <controlfield tag="007">tu</controlfield>
  <controlfield tag="008">011121s2001    gw |||||      00| ||ger c</controlfield>
  <datafield tag="010" ind1=" " ind2=" ">
   <subfield code="a">  2002445416</subfield>
  </datafield>
  <datafield tag="015" ind1=" " ind2=" ">
   <subfield code="a">01,N49,0527</subfield>
   <subfield code="2">dnb</subfield>
  </datafield>
  <datafield tag="015" ind1=" " ind2=" ">
   <subfield code="a">02,A17,2023</subfield>
   <subfield code="2">dnb</subfield>
  </datafield>
  <datafield tag="016" ind1="7" ind2=" ">
   <subfield code="a">961451017</subfield>
   <subfield code="2">DE-101</subfield>
  </datafield>
  <datafield tag="020" ind1=" " ind2=" ">
   <subfield code="a">3422063544</subfield>
   <subfield code="q">Ln.: EUR 39.90, ca. sfr 112.00, ca. S 934.00</subfield>
   <subfield code="9">3-422-06354-4</subfield>
  </datafield>
  <datafield tag="035" ind1=" " ind2=" ">
   <subfield code="a">(DE-627)336801343</subfield>
  </datafield>
  <datafield tag="035" ind1=" " ind2=" ">
   <subfield code="a">(DE-603)101608152</subfield>
  </datafield>
  <datafield tag="035" ind1=" " ind2=" ">
   <subfield code="a">(DE-576)091937728</subfield>
  </datafield>
  <datafield tag="035" ind1=" " ind2=" ">
   <subfield code="a">(DE-599)GBV336801343</subfield>
  </datafield>
  <datafield tag="035" ind1=" " ind2=" ">
   <subfield code="a">(OCoLC)231888573</subfield>
  </datafield>
  <datafield tag="035" ind1=" " ind2=" ">
   <subfield code="a">(OCoLC)48924518</subfield>
  </datafield>
  <datafield tag="035" ind1=" " ind2=" ">
   <subfield code="a">(OCoLC)52127627</subfield>
  </datafield>
  <datafield tag="040" ind1=" " ind2=" ">
   <subfield code="a">DE-627</subfield>
   <subfield code="b">ger</subfield>
   <subfield code="c">DE-627</subfield>
   <subfield code="e">rakwb</subfield>
  </datafield>
  <datafield tag="041" ind1=" " ind2=" ">
   <subfield code="a">ger</subfield>
  </datafield>
  <datafield tag="044" ind1=" " ind2=" ">
   <subfield code="c">XA-DE</subfield>
   <subfield code="c">XA-IT</subfield>
  </datafield>
  <datafield tag="050" ind1=" " ind2="0">
   <subfield code="a">DG537.8.F42</subfield>
  </datafield>
  <datafield tag="082" ind1="0" ind2=" ">
   <subfield code="a">945.67705092</subfield>
  </datafield>
  <datafield tag="082" ind1="0" ind2=" ">
   <subfield code="a">B</subfield>
  </datafield>
  <datafield tag="082" ind1="0" ind2=" ">
   <subfield code="a">945/.67705/092</subfield>
  </datafield>
  <datafield tag="082" ind1="0" ind2=" ">
   <subfield code="a">945.67705092</subfield>
   <subfield code="a">B</subfield>
   <subfield code="q">LoC</subfield>
   <subfield code="2">DDC21oclc</subfield>
  </datafield>
  <datafield tag="084" ind1=" " ind2=" ">
   <subfield code="a">63</subfield>
   <subfield code="2">sdnb</subfield>
  </datafield>
  <datafield tag="084" ind1=" " ind2=" ">
   <subfield code="a">63</subfield>
   <subfield code="a">45</subfield>
   <subfield code="a">46</subfield>
   <subfield code="2">sdnb</subfield>
  </datafield>
  <datafield tag="084" ind1=" " ind2=" ">
   <subfield code="a">9,10</subfield>
   <subfield code="2">ssgn</subfield>
  </datafield>
  <datafield tag="084" ind1=" " ind2=" ">
   <subfield code="a">LN 74300</subfield>
   <subfield code="2">rvk</subfield>
   <subfield code="0">(DE-625)rvk/102161:</subfield>
  </datafield>
  <datafield tag="084" ind1=" " ind2=" ">
   <subfield code="a">NN 1625</subfield>
   <subfield code="2">rvk</subfield>
   <subfield code="0">(DE-625)rvk/126580:</subfield>
  </datafield>
  <datafield tag="084" ind1=" " ind2=" ">
   <subfield code="a">LH 60460</subfield>
   <subfield code="2">rvk</subfield>
   <subfield code="0">(DE-625)rvk/94197:</subfield>
  </datafield>
  <datafield tag="084" ind1=" " ind2=" ">
   <subfield code="a">NM 9100</subfield>
   <subfield code="2">rvk</subfield>
   <subfield code="0">(DE-625)rvk/126473:</subfield>
  </datafield>
  <datafield tag="084" ind1=" " ind2=" ">
   <subfield code="a">20.70</subfield>
   <subfield code="2">bkl</subfield>
  </datafield>
  <datafield tag="084" ind1=" " ind2=" ">
   <subfield code="a">15.67</subfield>
   <subfield code="2">bkl</subfield>
  </datafield>
  <datafield tag="084" ind1=" " ind2=" ">
   <subfield code="a">20.16</subfield>
   <subfield code="2">bkl</subfield>
  </datafield>
  <datafield tag="245" ind1="0" ind2="0">
   <subfield code="a">Federico da Montefeltro</subfield>
   <subfield code="b">Herzog von Urbino ; Kriegsherr, Friedensfürst und Förderer der Künste</subfield>
   <subfield code="c">Jan Lauts; Irmlind Luise Herzner</subfield>
  </datafield>
  <datafield tag="264" ind1=" " ind2="1">
   <subfield code="a">München</subfield>
   <subfield code="a">Berlin</subfield>
   <subfield code="b">Dt. Kunstverl.</subfield>
   <subfield code="c">2001</subfield>
  </datafield>
  <datafield tag="300" ind1=" " ind2=" ">
   <subfield code="a">454 S.</subfield>
   <subfield code="b">Ill., graph. Darst., Kt.</subfield>
   <subfield code="c">25 cm</subfield>
  </datafield>
  <datafield tag="336" ind1=" " ind2=" ">
   <subfield code="a">Text</subfield>
   <subfield code="b">txt</subfield>
   <subfield code="2">rdacontent</subfield>
  </datafield>
  <datafield tag="337" ind1=" " ind2=" ">
   <subfield code="a">ohne Hilfsmittel zu benutzen</subfield>
   <subfield code="b">n</subfield>
   <subfield code="2">rdamedia</subfield>
  </datafield>
  <datafield tag="338" ind1=" " ind2=" ">
   <subfield code="a">Band</subfield>
   <subfield code="b">nc</subfield>
   <subfield code="2">rdacarrier</subfield>
  </datafield>
  <datafield tag="500" ind1=" " ind2=" ">
   <subfield code="a">Literaturverz. S. 411 - 439</subfield>
  </datafield>
  <datafield tag="583" ind1="1" ind2=" ">
   <subfield code="a">Archivierung/Langzeitarchivierung gewährleistet</subfield>
   <subfield code="f">SSG</subfield>
   <subfield code="x">XA-DE-BW</subfield>
   <subfield code="2">pdager</subfield>
   <subfield code="5">DE-16</subfield>
  </datafield>
  <datafield tag="600" ind1="1" ind2="0">
   <subfield code="a">Federico, da Montefeltro, Duke of Urbino</subfield>
  </datafield>
  <datafield tag="600" ind1="1" ind2="7">
   <subfield code="0">(DE-588)118967444</subfield>
   <subfield code="0">(DE-627)079747345</subfield>
   <subfield code="0">(DE-576)160917484</subfield>
   <subfield code="a">Montefeltro, Federigo da</subfield>
   <subfield code="d">1422-1482</subfield>
   <subfield code="2">gnd</subfield>
  </datafield>
  <datafield tag="650" ind1=" " ind2="0">
   <subfield code="a">Condottieri</subfield>
   <subfield code="x">Biography</subfield>
  </datafield>
  <datafield tag="650" ind1="0" ind2="7">
   <subfield code="0">(DE-588)4074442-5</subfield>
   <subfield code="0">(DE-627)106089617</subfield>
   <subfield code="0">(DE-576)209193867</subfield>
   <subfield code="a">Mäzenatentum</subfield>
   <subfield code="2">gnd</subfield>
  </datafield>
  <datafield tag="650" ind1="0" ind2="7">
   <subfield code="0">(DE-588)4125698-0</subfield>
   <subfield code="0">(DE-627)104470348</subfield>
   <subfield code="0">(DE-576)209578750</subfield>
   <subfield code="a">Kultur</subfield>
   <subfield code="2">gnd</subfield>
  </datafield>
  <datafield tag="651" ind1=" " ind2="0">
   <subfield code="a">Urbino (Italy)</subfield>
   <subfield code="x">Biography</subfield>
   <subfield code="x">Kings and rulers</subfield>
  </datafield>
  <datafield tag="651" ind1=" " ind2="0">
   <subfield code="a">Italy</subfield>
   <subfield code="x">History</subfield>
   <subfield code="x">1268-1492</subfield>
  </datafield>
  <datafield tag="651" ind1=" " ind2="0">
   <subfield code="a">Urbino (Italy)</subfield>
   <subfield code="x">History</subfield>
  </datafield>
  <datafield tag="655" ind1=" " ind2="7">
   <subfield code="a">Biografie</subfield>
   <subfield code="0">(DE-588)4006804-3</subfield>
   <subfield code="0">(DE-627)104213493</subfield>
   <subfield code="0">(DE-576)208867147</subfield>
   <subfield code="2">gnd-content</subfield>
  </datafield>
  <datafield tag="689" ind1="0" ind2="0">
   <subfield code="d">p</subfield>
   <subfield code="0">(DE-588)118967444</subfield>
   <subfield code="0">(DE-627)079747345</subfield>
   <subfield code="0">(DE-576)160917484</subfield>
   <subfield code="a">Montefeltro, Federigo da</subfield>
   <subfield code="d">1422-1482</subfield>
   <subfield code="2">gnd</subfield>
  </datafield>
  <datafield tag="689" ind1="0" ind2=" ">
   <subfield code="5">DE-101</subfield>
  </datafield>
  <datafield tag="689" ind1="1" ind2="0">
   <subfield code="d">p</subfield>
   <subfield code="0">(DE-588)118967444</subfield>
   <subfield code="0">(DE-627)079747345</subfield>
   <subfield code="0">(DE-576)160917484</subfield>
   <subfield code="a">Montefeltro, Federigo da</subfield>
   <subfield code="d">1422-1482</subfield>
   <subfield code="2">gnd</subfield>
  </datafield>
  <datafield tag="689" ind1="1" ind2="1">
   <subfield code="d">s</subfield>
   <subfield code="0">(DE-588)4074442-5</subfield>
   <subfield code="0">(DE-627)106089617</subfield>
   <subfield code="0">(DE-576)209193867</subfield>
   <subfield code="a">Mäzenatentum</subfield>
   <subfield code="2">gnd</subfield>
  </datafield>
  <datafield tag="689" ind1="1" ind2=" ">
   <subfield code="5">DE-101</subfield>
  </datafield>
  <datafield tag="689" ind1="2" ind2="0">
   <subfield code="d">p</subfield>
   <subfield code="0">(DE-588)118967444</subfield>
   <subfield code="0">(DE-627)079747345</subfield>
   <subfield code="0">(DE-576)160917484</subfield>
   <subfield code="a">Montefeltro, Federigo da</subfield>
   <subfield code="d">1422-1482</subfield>
   <subfield code="2">gnd</subfield>
  </datafield>
  <datafield tag="689" ind1="2" ind2="1">
   <subfield code="d">s</subfield>
   <subfield code="0">(DE-588)4074442-5</subfield>
   <subfield code="0">(DE-627)106089617</subfield>
   <subfield code="0">(DE-576)209193867</subfield>
   <subfield code="a">Mäzenatentum</subfield>
   <subfield code="2">gnd</subfield>
  </datafield>
  <datafield tag="689" ind1="2" ind2=" ">
   <subfield code="5">(DE-627)</subfield>
  </datafield>
  <datafield tag="689" ind1="3" ind2="0">
   <subfield code="d">p</subfield>
   <subfield code="0">(DE-588)118967444</subfield>
   <subfield code="0">(DE-627)079747345</subfield>
   <subfield code="0">(DE-576)160917484</subfield>
   <subfield code="a">Montefeltro, Federigo da</subfield>
   <subfield code="d">1422-1482</subfield>
   <subfield code="2">gnd</subfield>
  </datafield>
  <datafield tag="689" ind1="3" ind2="1">
   <subfield code="d">s</subfield>
   <subfield code="0">(DE-588)4006804-3</subfield>
   <subfield code="0">(DE-627)104213493</subfield>
   <subfield code="0">(DE-576)208867147</subfield>
   <subfield code="a">Biografie</subfield>
   <subfield code="2">gnd</subfield>
  </datafield>
  <datafield tag="689" ind1="3" ind2=" ">
   <subfield code="5">(DE-627)</subfield>
  </datafield>
  <datafield tag="700" ind1="1" ind2=" ">
   <subfield code="a">Lauts, Jan</subfield>
   <subfield code="d">1908-1993</subfield>
   <subfield code="0">(DE-588)121583104</subfield>
   <subfield code="0">(DE-627)081402627</subfield>
   <subfield code="0">(DE-576)161924069</subfield>
   <subfield code="4">oth</subfield>
  </datafield>
  <datafield tag="700" ind1="1" ind2=" ">
   <subfield code="a">Herzner-Kmentt, Irmlind Luise</subfield>
   <subfield code="0">(DE-588)122881842</subfield>
   <subfield code="0">(DE-627)082212473</subfield>
   <subfield code="0">(DE-576)184162726</subfield>
   <subfield code="4">oth</subfield>
  </datafield>
  <datafield tag="700" ind1="1" ind2=" ">
   <subfield code="a">Montefeltro, Federigo da</subfield>
   <subfield code="d">1422-1482</subfield>
   <subfield code="0">(DE-588)118967444</subfield>
   <subfield code="0">(DE-627)079747345</subfield>
   <subfield code="0">(DE-576)160917484</subfield>
   <subfield code="4">oth</subfield>
  </datafield>
  <datafield tag="787" ind1="0" ind2="8">
   <subfield code="i">Rezensiert in</subfield>
   <subfield code="a">Werner, Elke Anna, 1964 - </subfield>
   <subfield code="t">[Rezension von: Jan Lauts / Irmlind Luise Herzner, Federico da Montefeltro - Herzog von Urbino]</subfield>
   <subfield code="d">2002</subfield>
   <subfield code="w">(DE-627)1920836071</subfield>
  </datafield>
  <datafield tag="856" ind1="4" ind2="2">
   <subfield code="u">https://swbplus.bsz-bw.de/bsz091937728rez.htm</subfield>
   <subfield code="m">V:DE-576</subfield>
   <subfield code="v">2005-08-09</subfield>
   <subfield code="3">Rezension</subfield>
   <subfield code="7">1</subfield>
  </datafield>
  <datafield tag="856" ind1="4" ind2="2">
   <subfield code="u">http://www.sehepunkte.de/2002/09/3492.html</subfield>
   <subfield code="m">V:DE-576;X:Sehepunkte</subfield>
   <subfield code="q">text/html</subfield>
   <subfield code="v">20180423160616</subfield>
   <subfield code="3">Rezension</subfield>
   <subfield code="7">1</subfield>
  </datafield>
  <datafield tag="856" ind1="4" ind2="2">
   <subfield code="u">http://scans.hebis.de/HEBCGI/show.pl?10160815_rez.pdf</subfield>
   <subfield code="m">V:DE-576</subfield>
   <subfield code="q">application/pdf</subfield>
   <subfield code="3">Rezension</subfield>
   <subfield code="7">1</subfield>
  </datafield>
  <datafield tag="856" ind1="4" ind2="2">
   <subfield code="u">http://scans.hebis.de/HEBCGI/show.pl?10160815_toc.pdf</subfield>
   <subfield code="m">V:DE-605;X:Imageware</subfield>
   <subfield code="q">application/pdf</subfield>
   <subfield code="3">Inhaltsverzeichnis</subfield>
   <subfield code="7">1</subfield>
  </datafield>
  <datafield tag="935" ind1=" " ind2=" ">
   <subfield code="i">Blocktest</subfield>
  </datafield>
  <datafield tag="936" ind1="r" ind2="v">
   <subfield code="a">LN 74300</subfield>
   <subfield code="b">Urbino</subfield>
   <subfield code="k">Kunstgeschichte</subfield>
   <subfield code="k">Kunst nach Ländern bzw. Kontinenten</subfield>
   <subfield code="k">Italien</subfield>
   <subfield code="k">Kunsttopografie Italiens</subfield>
   <subfield code="k">Alphabetische Liste der italienischen Orte</subfield>
   <subfield code="k">Orte U</subfield>
   <subfield code="k">Urbino</subfield>
   <subfield code="0">(DE-627)1271309491</subfield>
   <subfield code="0">(DE-625)rvk/102161:</subfield>
   <subfield code="0">(DE-576)201309491</subfield>
  </datafield>
  <datafield tag="936" ind1="r" ind2="v">
   <subfield code="a">NN 1625</subfield>
   <subfield code="b">Montefeltro, Federico di</subfield>
   <subfield code="k">Geschichte</subfield>
   <subfield code="k">Neuere Geschichte</subfield>
   <subfield code="k">Zeitalter der Entdeckungen und der Glaubensspaltung (bis 1648)</subfield>
   <subfield code="k">Renaissance und Humanismus</subfield>
   <subfield code="k">Italien</subfield>
   <subfield code="k">Persönlichkeiten</subfield>
   <subfield code="k">Einzelne Persönlichkeiten (Quellen, Darstellungen, Werke)</subfield>
   <subfield code="k">Montefeltro, Federico di</subfield>
   <subfield code="0">(DE-627)1271465035</subfield>
   <subfield code="0">(DE-625)rvk/126580:</subfield>
   <subfield code="0">(DE-576)201465035</subfield>
  </datafield>
  <datafield tag="936" ind1="r" ind2="v">
   <subfield code="a">LH 60460</subfield>
   <subfield code="b">Mäzenatentum (allgemeine Darstellungen)</subfield>
   <subfield code="k">Kunstgeschichte</subfield>
   <subfield code="k">Allgemeines. Allgemeine Kunstgeschichte</subfield>
   <subfield code="k">Kunstkennerschaft und Mäzenatentum</subfield>
   <subfield code="k">Mäzenatentum (allgemeine Darstellungen)</subfield>
   <subfield code="0">(DE-627)1270638106</subfield>
   <subfield code="0">(DE-625)rvk/94197:</subfield>
   <subfield code="0">(DE-576)200638106</subfield>
  </datafield>
  <datafield tag="936" ind1="r" ind2="v">
   <subfield code="a">NM 9100</subfield>
   <subfield code="b">Italien, Sizilien, Sardinien</subfield>
   <subfield code="k">Geschichte</subfield>
   <subfield code="k">Geschichte des Mittelalters</subfield>
   <subfield code="k">Geschichte der auswärtigen Staaten und Völker</subfield>
   <subfield code="k">Europäische Staaten und Völker</subfield>
   <subfield code="k">Italien, Sizilien, Sardinien</subfield>
   <subfield code="0">(DE-627)1271463458</subfield>
   <subfield code="0">(DE-625)rvk/126473:</subfield>
   <subfield code="0">(DE-576)201463458</subfield>
  </datafield>
  <datafield tag="936" ind1="b" ind2="k">
   <subfield code="a">20.70</subfield>
   <subfield code="j">Europäische Kunst: Allgemeines</subfield>
   <subfield code="0">(DE-627)106406566</subfield>
  </datafield>
  <datafield tag="936" ind1="b" ind2="k">
   <subfield code="a">15.67</subfield>
   <subfield code="j">Italien</subfield>
   <subfield code="x">Geschichte</subfield>
   <subfield code="0">(DE-627)181569728</subfield>
  </datafield>
  <datafield tag="936" ind1="b" ind2="k">
   <subfield code="a">20.16</subfield>
   <subfield code="j">Kunstförderung</subfield>
   <subfield code="0">(DE-627)106406558</subfield>
  </datafield>
  <datafield tag="936" ind1="s" ind2="n">
   <subfield code="a">l300</subfield>
   <subfield code="2">mzub</subfield>
  </datafield>
  <datafield tag="936" ind1="s" ind2="n">
   <subfield code="a">n100</subfield>
   <subfield code="2">mzub</subfield>
  </datafield>
  <datafield tag="936" ind1="s" ind2="n">
   <subfield code="a">z210</subfield>
   <subfield code="2">mzub</subfield>
  </datafield>
  <datafield tag="951" ind1=" " ind2=" ">
   <subfield code="a">BO</subfield>
  </datafield>
  <datafield tag="990" ind1=" " ind2=" ">
   <subfield code="a">Montefeltro, Federigo da</subfield>
  </datafield>
  <datafield tag="990" ind1=" " ind2=" ">
   <subfield code="a">Montefeltro, Federigo da</subfield>
  </datafield>
  <datafield tag="990" ind1=" " ind2=" ">
   <subfield code="a">Mäzenatentum</subfield>
  </datafield>
  <datafield tag="990" ind1=" " ind2=" ">
   <subfield code="a">Montefeltro, Federigo da</subfield>
  </datafield>
  <datafield tag="990" ind1=" " ind2=" ">
   <subfield code="a">Mäzenatentum</subfield>
  </datafield>
  <datafield tag="990" ind1=" " ind2=" ">
   <subfield code="a">Montefeltro, Federigo da</subfield>
  </datafield>
  <datafield tag="990" ind1=" " ind2=" ">
   <subfield code="a">Biografie</subfield>
  </datafield>
  <datafield tag="991" ind1=" " ind2=" ">
   <subfield code="a">Rezensiertes Werk</subfield>
  </datafield>
  <datafield tag="999" ind1=" " ind2=" ">
   <subfield code="a">KXP-PPN336801343</subfield>
   <subfield code="e">494924566X</subfield>
  </datafield>
 </record>
</collection>
